Normal view
MARC view
- Peschak, Thomas.
Entry Personal Name
001 - CONTROL NUMBER
- control field: 63872
003 - CONTROL NUMBER IDENTIFIER
- control field: OSt
005 - DATE AND TIME OF LATEST TRANSACTION
- control field: 20241109141504.0
008 - FIXED-LENGTH DATA ELEMENTS
- fixed length control field: 241109|| aca||aabn | a|a d
040 ## - CATALOGING SOURCE
- Original cataloging agency: OSt
100 ## - HEADING--PERSONAL NAME
- Personal name: Peschak, Thomas.
